书目信息 |
| 题名: |
图解式会计核算
|
|
| 作者: | 庄恩岳 , 何成梁 主编 | |
| 分册: | ||
| 出版信息: | 沈阳 辽宁人民出版社 1994.7 |
|
| 页数: | 366页 | |
| 开本: | 19cm | |
| 丛书名: | ||
| 单 册: | ||
| 中图分类: | F230 | |
| 科图分类: | 29.803 | |
| 主题词: | 会计--图解 , 会计 | |
| 电子资源: | ||
| ISBN: | 7-205-02998-8 | |
| 000 | 00829nam0 2200277 450 | |
| 001 | 0194043286 | |
| 005 | 20100713012316.0 | |
| 010 | @a7-205-02998-8@dCNY12.70 | |
| 011 | @a7-205-02998-8 | |
| 100 | @a19931214d1994 em y0chiy0110 ea | |
| 101 | 0 | @achi |
| 102 | @aCN@b210000 | |
| 105 | @ay z 000yy | |
| 106 | @ar | |
| 200 | 1 | @a图解式会计核算@9Tu Jie;Xie Shi Hui;Kuai Ji He;Hu Suan @f庄恩岳,何成梁主编 |
| 210 | @a沈阳@c辽宁人民出版社@d1994.7 | |
| 215 | @a366页@d19cm | |
| 330 | @a包括:会计核算基础、长期投资核算、固定资产的核算、外币业务的核算等14章。 | |
| 606 | 0 | @a会计@x图解 |
| 606 | 0 | @a会计 |
| 690 | @aF230@v三版 | |
| 692 | @a29.803 | |
| 701 | 0 | @a庄恩岳@9zhuang en yue@f(1960.12~)@4主编 |
| 701 | 0 | @a何成梁@9he cheng liang@4主编 |
| 801 | 0 | @aCN@b91MARC@c20130904 |
| 905 | @aBZT@dF230@e2690@f2@sF230/2690 | |
| 图解式会计核算/庄恩岳,何成梁主编.-沈阳:辽宁人民出版社,1994.7 |
| 366页;19cm |
| ISBN 7-205-02998-8:CNY12.70 |
| 包括:会计核算基础、长期投资核算、固定资产的核算、外币业务的核算等14章。 |
| ● |
| 相关链接 |
|
|
|
正题名:图解式会计核算
索取号:F230/2690
 
预约/预借
| 序号 | 登录号 | 条形码 | 馆藏地/架位号 | 状态 | 备注 |
| 1 | 2000039195 | 2000039195 | 旧书回溯/ [索取号:F230/2690] | 在馆 | |
| 2 | 2000039196 | 2000039196 | 旧书回溯/ [索取号:F230/2690] | 在馆 |